Mel Brooks Filmography - Statistics

General Stats
  • This quiz has been taken 104 times
    24 since last reset
  • The average score is 42 of 115
Answer Stats
Type Year Name % Correct
Film Director 1974 Blazing Saddles
84%
Film Screenplay 1974 Blazing Saddles
84%
Film Acting Role 1974 Blazing Saddles
84%
Film Director 1987 Spaceballs
79%
Film Screenplay 1987 Spaceballs
79%
Film Production 1987 Spaceballs
79%
Film Acting Role 1987 Spaceballs
79%
TV Show 2008-2009 Spaceballs: The Animated Series
79%
Film Director 1967 The Producers
79%
Film Screenplay 1967 The Producers
79%
Film Cameo 1967 The Producers
79%
Playwright 2001 The Producers
79%
Film Screenplay 2005 The Producers
79%
Film Production 2005 The Producers
79%
Film Cameo 2005 The Producers
79%
Film Director 1974 Young Frankenstein
79%
Film Screenplay 1974 Young Frankenstein
79%
Film Cameo 1974 Young Frankenstein
79%
Playwright 2007 Young Frankenstein
79%
Film Director 1977 High Anxiety
68%
Film Screenplay 1977 High Anxiety
68%
Film Production 1977 High Anxiety
68%
Film Acting Role 1977 High Anxiety
68%
Film Director 1981 History of the World, Part I
68%
Film Screenplay 1981 History of the World, Part I
68%
Film Production 1981 History of the World, Part I
68%
Film Acting Role 1981 History of the World, Part I
68%
Web Series 2023 History of the World: Part II
68%
Film Director 1993 Robin Hood: Men in Tights
68%
Film Screenplay 1993 Robin Hood: Men in Tights
68%
Film Production 1993 Robin Hood: Men in Tights
68%
Film Cameo 1993 Robin Hood: Men in Tights
68%
Film Director 1995 Dracula: Dead and Loving It
58%
Film Screenplay 1995 Dracula: Dead and Loving It
58%
Film Production 1995 Dracula: Dead and Loving It
58%
Film Acting Role 1995 Dracula: Dead and Loving It
58%
Film Director 1976 Silent Movie
58%
Film Screenplay 1976 Silent Movie
58%
Film Acting Role 1976 Silent Movie
58%
TV Show Co-Creator 1965-1970 Get Smart
47%
Film Consultant 2008 Get Smart
47%
Film Director 1991 Life Stinks
47%
Film Screenplay 1991 Life Stinks
47%
Film Production 1991 Life Stinks
47%
Film Acting Role 1991 Life Stinks
47%
Film Acting Role TBA Spaceballs 2
42%
Film Director 1970 The Twelve Chairs
42%
Film Screenplay 1970 The Twelve Chairs
42%
Film Cameo 1970 The Twelve Chairs
42%
Film Acting Role 2015 Hotel Transylvania 2
37%
Film Acting Role 2005 Robots
37%
TV Show 1995 The Simpsons
37%
Film Production 1983 To Be or Not to Be
32%
Film Acting Role 1983 To Be or Not to Be
32%
TV Show 2004 Curb Your Enthusiasm
26%
TV Show 2015 The Comedians
26%
Film Cameo 1994 The Little Rascals
26%
Film Cameo 1979 The Muppet Movie
26%
TV Special 1975 2000 Year Old Man
21%
Film Acting Role 2018 Hotel Transylvania 3: Summer Vacation
21%
TV Show 1996-1999 Mad About You
21%
Film Acting Role 2022 Paws of Fury: The Legend of Hank
21%
Web Series 2012 Comedians in Cars Getting Coffee
16%
TV Show 1993 Frasier
16%
TV Film 1974 Free to Be... You and Me
16%
TV Show 2010 Glenn Martin, DDS
16%
TV Film 2002 It's a Very Merry Muppet Christmas Movie
16%
TV Show 2003-2007 Jakers! The Adventures of Piggley Winks
16%
Film Acting Role 2017 Leap!
16%
Short Film 1992 Mickey's Audition
16%
TV Special 2010 Ruby's Studio: The Feelings Show
16%
Film Acting Role 1999 Screw Loose
16%
Film Cameo 2000 Sex, Lies and Video Violence
16%
TV Show 2011 Special Agent Oso
16%
TV Show 2003 The Adventures of Jimmy Neutron: Boy Genius
16%
Short Film 1963 The Critic
16%
TV Show 1971-1977 The Electric Company
16%
Film Acting Role 2017 The Guardian Brothers
16%
TV Show 2000 The Kids from Room 402
16%
TV Show 2011 The Paul Reiser Show
16%
Film Cameo 1994 The Silence of the Hams
16%
TV Show 1990 The Tracey Ullman Show
16%
Film Acting Role 2019 Toy Story 4
16%
Film Cameo 2013 Underdogs
16%
TV Show Production 1975 When Things Were Rotten
16%
Playwright 1962 All-American
11%
Stand-Up Special 1983 An Audience with Mel Brooks
11%
TV Show Writer 1954-1957 Caesar's Hour
11%
TV Show 2014 Dora the Explorer
11%
Web Series 2019 Forky Asks a Question
11%
Film Cameo 1990 Look Who's Talking Too
11%
TV Special 2012 Mel Brooks Strikes Back!
11%
Film Screenplay 1954 New Faces
11%
Short Film 2019 Olympians
11%
Web Series 2023 Only Murders in the Building
11%
Playwright 1957 Shinbone Alley
11%
Film Cameo 1975 The Adventures of Sherlock Holmes' Smarter Brother
11%
Documentary 2021 The Automat
11%
TV Show 1961 The New Steve Allen Show
11%
TV Show Production 1989 The Nutt House
11%
TV Special 1967 The Sid Caesar, Imogene Coca, Carl Reiner, Howard Morris Special
11%
TV Special 2023 Dick Van Dyke - 98 Years of Magic
5%
Short Film TBA Enormous
5%
Film Acting Role TBA Flower of the Dawn
5%
Podcast 2020 Grandma for President
5%
TV Special 2011 Mel Brooks and Dick Cavett Together Again
5%
Stand-Up Special 2015 Mel Brooks Live at the Geffen
5%
Theater 2019 Mel Brooks on Broadway
5%
Film Cameo 2014 Mr. Peabody & Sherman
5%
Playwright 1952 New Faces of 1952
5%
Film Production 2017 Sam
5%
Documentary Series 2025 Somebody Feed Phil
5%
Film Acting Role 2025 The Land of Sometimes
5%
Film Cameo 1998 The Prince of Egypt
5%
TV Show 2018 To Tell the Truth
5%
No matching quizzes found
Score Distribution
Percent of People with Each Score
Percentile by Number Answered
Your Score History
You have not taken this quiz since the last reset